Loading...
| Current Events | 1 | 20.00 | 100% | 100% | 0% |
| Fine Arts - Auditory Fine Arts | 5 | 18.00 | 100% | 80% | 0% |
| Fine Arts - Other Fine Arts | 5 | 18.00 | 100% | 60% | 20% |
| Fine Arts - Visual Fine Arts | 7 | 20.00 | 100% | 71% | 29% |
| Geography | 1 | 0.00 | 0% | 0% | 0% |
| History - American History | 4 | 15.00 | 100% | 50% | 0% |
| History - European History | 4 | 10.00 | 100% | 0% | 0% |
| History - Other History | 5 | 14.00 | 100% | 20% | 20% |
| History - World History | 7 | 15.71 | 100% | 43% | 14% |
| Literature - American Literature | 7 | 14.29 | 100% | 43% | 0% |
| Literature - British Literature | 5 | 16.00 | 100% | 60% | 0% |
| Literature - European Literature | 6 | 16.67 | 100% | 67% | 0% |
| Literature - World Literature | 5 | 20.00 | 100% | 80% | 20% |
| Mythology | 7 | 20.00 | 100% | 71% | 29% |
| Other Academic | 1 | 20.00 | 100% | 100% | 0% |
| Philosophy | 6 | 13.33 | 100% | 33% | 0% |
| Pop Culture | 1 | 10.00 | 0% | 100% | 0% |
| Popular Culture | 1 | 10.00 | 100% | 0% | 0% |
| Religion | 6 | 16.67 | 100% | 67% | 0% |
| Science - Biology | 5 | 20.00 | 100% | 60% | 40% |
| Science - Chemistry | 4 | 20.00 | 100% | 75% | 25% |
| Science - Other Science | 8 | 22.50 | 100% | 100% | 25% |
| Science - Physics | 6 | 15.00 | 100% | 33% | 17% |
| Social Science | 5 | 14.00 | 100% | 40% | 0% |